[Event "Foment Martinenc op-C 20th"]
[Site "Barcelona"]
[Date "2018.06.16"]
[Round "9"]
[White "Gracia Poch, Frederic"]
[Black "Casals Sasolis, Alex"]
[Result "1/2-1/2"]
[WhiteElo "1632"]
[BlackElo "1765"]
[PlyCount "118"]
[EventDate "2018.04.21"]
[EventType "swiss"]
[EventRounds "9"]
[EventCountry "ESP"]
[SourceTitle "CBM 184 Extra"]
[Source "ChessBase"]
[SourceDate "2018.06.28"]
[SourceVersion "1"]
[SourceVersionDate "2018.06.28"]
[SourceQuality "1"]

1. d4 e6 2. c4 d5 3. Nf3 c5 4. Nc3 cxd4 5. Qxd4 Nc6 6. Qd1 Bb4 7. e3 Bxc3+ 8. bxc3 Nge7 9. cxd5 Qxd5 10. Qc2 0-0 11. Bd3 f5 12. 0-0 Ne5 13. Nxe5 Qxe5 14. Ba3 Re8 15. Rab1 a6 16. Qa4 Nc6 17. Bc5 Qxc5 18. Qb3 Ne5 19. Bc2 Nc4 20. Rbd1 b5 21. Rd4 Bb7 22. Rfd1 Qa3 23. Qxa3 Nxa3 24. Bb3 Be4 25. Rc1 Kf7 26. f3 Bc6 27. Rf1 Rad8 28. Rfd1 Rxd4 29. Rxd4 a5 30. Rd6 Ba8 31. Ra6 a4 32. Bxe6+ Rxe6 33. Rxa8 Rxe3 34. Rc8 Nc4 35. Rb8 Re5 36. Kf2 Rc5 37. Ke2 Na3 38. Kd3 Rd5+ 39. Ke3 g5 40. g3 Nb1 41. c4 Rd2 42. Rxb5 f4+ 43. gxf4 gxf4+ 44. Kxf4 Nc3 45. Rf5+ Ke6 46. Re5+ Kd6 47. c5+ Kc6 48. h4 Rd4+ 49. Kg5 a3 50. f4 Rd5 51. Kf6 Kxc5 52. f5 Rxe5 53. Kxe5 Nd5 54. f6 Nxf6 55. Kxf6 Kc4 56. h5 Kc3 57. h6 Kb2 58. Kg7 Kxa2 59. Kxh7 Kb3 1/2-1/2

[Event "Barcelona Sant Marti op 7th"]
[Site "Barcelona"]
[Date "2018.01.11"]
[Round "1"]
[White "Casals Sasolis, Alex"]
[Black "Ramos Alvarez, Maximo"]
[Result "0-1"]
[WhiteElo "1494"]
[BlackElo "1864"]
[PlyCount "88"]
[EventDate "2018.01.11"]
[EventType "swiss"]
[EventRounds "9"]
[EventCountry "ESP"]
[SourceTitle "EXT 2019"]
[Source "ChessBase"]
[SourceDate "2018.10.10"]
[SourceVersion "1"]
[SourceVersionDate "2018.10.10"]
[SourceQuality "1"]

1. c4 e5 2. Nc3 d6 3. g3 f5 4. Bg2 Nf6 5. d3 c6 6. Nf3 g6 7. 0-0 Bg7 8. e4 0-0 9. b4 Be6 10. Ng5 Bd7 11. Qb3 Kh8 12. Ba3 h6 13. Nf3 Be6 14. Nh4 Kh7 15. Qd1 fxe4 16. Nxe4 Qe7 17. b5 c5 18. Bc1 g5 19. Nxf6+ Qxf6 20. Bxb7 Nd7 21. Bxa8 Rxa8 22. Qf3 Qxf3 23. Nxf3 e4 24. Rb1 exf3 25. Bb2 Ne5 26. Bxe5 Bxe5 27. Rb3 g4 28. Re1 Kg6 29. Kf1 h5 30. a3 Kf6 31. a4 d5 32. Rc1 dxc4 33. dxc4 Rd8 34. Ke1 Rd4 35. b6 axb6 36. Rxb6 Rd3 37. Kf1 Bc3 38. Rc6 Bb4 39. a5 Ra3 40. a6 Ke5 41. Re1+ Bxe1 42. Kxe1 Bxc4 43. Rxc5+ Kd4 44. Rxh5 Kc3 0-1